书目信息 |
| 题名: |
粤东凤凰山区文化研究调查报告续集
|
|
| 作者: | 何国强 , 林跃文 主编 | |
| 分册: | ||
| 出版信息: | 昆明 云南大学出版社 2014.08 |
|
| 页数: | 622页 | |
| 开本: | 24cm | |
| 丛书名: | ||
| 单 册: | ||
| 中图分类: | K296.55 | |
| 科图分类: | ||
| 主题词: | 中国--地方史 , 中国--地方志 | |
| 电子资源: | ||
| ISBN: | 7-5482-2082-0 | |
| 000 | 00724nam0 2200217 450 | |
| 001 | 1556711738 | |
| 005 | 20151222154857.85 | |
| 010 | @a7-5482-2082-0@dCNY79.00 | |
| 100 | @a20151222d2014 km y0chiy0120 ea | |
| 101 | 0 | @achi |
| 102 | @aCN | |
| 200 | 1 | @a粤东凤凰山区文化研究调查报告续集@Ayue dong feng huang shan qu wen hua yan jiu diao cha bao gao xu ji@f何国强, 林跃文主编@Fhe guo qiang,lin yue wen zhu bian |
| 210 | @a昆明@c云南大学出版社@d2014.08 | |
| 215 | @a622页@d24cm | |
| 606 | 0 | @a中国@x地方史 |
| 606 | 0 | @a中国@x地方志 |
| 690 | @aK296.55@v4 | |
| 701 | 0 | @a何国强@Ahe guo qiang@4主编 |
| 701 | 0 | @a林跃文@Alin yue wen@4主编 |
| 801 | 0 | @aCN@b大连网信软件有限公司图书馆·11@c20151222 |
| 905 | @aZUCC@dK296.55@eH175 | |
| 粤东凤凰山区文化研究调查报告续集/何国强, 林跃文主编.-昆明:云南大学出版社,2014.08 |
| 622页;24cm |
| ISBN 7-5482-2082-0:CNY79.00 |
| ● |
| 相关链接 |
|
|
|
正题名:粤东凤凰山区文化研究调查报告续集
索取号:K296.55/H175
 
预约/预借
| 序号 | 登录号 | 条形码 | 馆藏地/架位号 | 状态 | 备注 |
| 1 | 1235351 | 212353512 | 生命科学与工程学院资料室/ [索取号:K296.55/H175] | 在馆 | |
| 2 | 1235477 | 212354771 | 生命科学与工程学院资料室/ [索取号:K296.55/H175] | 在馆 |